| 000 | 00956cam a22003137a 4500 | ||
|---|---|---|---|
| 003 | CHAP | ||
| 005 | 20220329141601.0 | ||
| 008 | 971013s1964 r 00010 d | ||
| 010 | _a70525 | ||
| 011 | _a71497 | ||
| 035 | _a81051 | ||
| 040 | _cCHAP | ||
| 082 |
_a632.7 _bE38 |
||
| 100 | 0 | 0 |
_aEdwards, C. A. _935709 |
| 245 | 1 | 4 | _aThe principles of agricultural entomology |
| 260 |
_aLondon : _bChapman, _c1964 |
||
| 300 |
_a418 p. _b: ilus. |
||
| 590 |
_aBATCH-UPD _b10 _c20130109 _lUCH01 _h2341 |
||
| 590 |
_aBATCH-UPD _b10 _c20130110 _lUCH01 _h0517 |
||
| 590 |
_aBATCH-UPD _b10 _c20130409 _lUCH01 _h1911 |
||
| 590 |
_aBATCH-UPD _b10 _c20130914 _lUCH01 _h0026 |
||
| 590 |
_aCONVERSION _b10 _c20130109 _lUCH01 _h1339 |
||
| 650 | 1 | 4 |
_aAgricultura _xPlagas. _91764 |
| 650 | 1 | 4 |
_aEntomología económica. _937145 |
| 700 | 0 |
_aHeath, G. W. _953255 |
|
| 901 | _aBK | ||
| 942 | _cLIBRO | ||
| 949 |
_a632.7 E38 _bBC _cLIBRO _d33724000180840 _eLIBRO _h23093 _i81051 _si _t180.00 |
||
| 999 |
_c70525 _d70525 |
||